El Laberinto de América Latina /
שמור ב:
| מחבר ראשי: | |
|---|---|
| פורמט: | Texto |
| תגים: |
הוספת תג
אין תגיות, היה/י הראשונ/ה לתייג את הרשומה!
|
MARC
| LEADER | 00000 a a2200000 04500 | ||
|---|---|---|---|
| 001 | 11014 | ||
| 003 | |||
| 040 | |||
| 100 | |a Quijano, Aníbal | ||
| 245 | |a El Laberinto de América Latina / |c Aníbal Quijano | ||
| 500 | |a Extracto del ensayo "resistencia popular cambio político en America Latina. Revista Venezolana de Economía y Ciencias Sociales. 10(1) 2004 | ||
| 773 | |g volumen 5, número 13; páginas 15-30 | ||
| 999 | |c 33466 |d 33466 | ||
